Statistics for JetPunk Interactive Easter Egg Scavenger Hunt

Click here to take the quiz!

General Stats

  • This quiz has been taken 695 times
  • The average score is 3 of 5

Answer Stats

HintAnswer% Correct
Why not type "start"?Perhaps type "continue"?
97%
Scroll down...
97%
Maybe even click on this link
38%
Search for easter6794 on
30%
FINAL ANSWER:COMPLETED! Happy Easter!
24%

Score Distribution

Percentile by Number Answered

Percent of People with Each Score

Your Score History

You have not taken this quiz